Asserting Voices/ (Record no. 202760)

MARC details
000 -LEADER
fixed length control field 00606 a2200205 4500
005 - DATE AND TIME OF LATEST TRANSACTION
control field 20240509113845.0
010 ## - LCCN (DPL NO)
LC control number B-758872
020 ## - INTERNATIONAL STANDARD BOOK NUMBER
Terms of availability 595.00
035 ## - SYSTEM CONTROL NUMBER
System control number B-758872
037 ## - SOURCE OF ACQUISITION
Source of stock number/acquisition Gift/Unesco
082 ## - DEWEY DECIMAL CLASSIFICATION NUMBER
Classification number 305.8991554
245 ## - TITLE STATEMENT
Title Asserting Voices/
Remainder of title Edited by- Hemant Joshi [and] Sanjay Kumar
260 ## - PUBLICATION, DISTRIBUTION, ETC. (IMPRINT)
Place of publication, distribution, etc Delhi
Name of publisher, distributor, etc Deshkal Publication
Date of publication, distribution, etc 2002
270 ## - ADDRESS
Address Delhi
300 ## - PHYSICAL DESCRIPTION
Extent 176 p.;
Dimensions 24cm. (Hb)
700 ## - ADDED ENTRY--PERSONAL NAME
Personal name Joshi, Hemant
9 (RLIN) 66003
700 ## - ADDED ENTRY--PERSONAL NAME
Personal name Sanjay Kumar
9 (RLIN) 66004
942 ## - ADDED ENTRY ELEMENTS (KOHA)
Institution code [OBSOLETE] dpl
Item type English Books
Source of classification or shelving scheme Dewey Decimal Classification
Classification part 305.8991554
Call number suffix ASS
Holdings
Withdrawn status Lost status Not for loan Collection code Home library Current library Date acquired Source of acquisition Cost, normal purchase price Full call number Barcode Copy number Cost, replacement price Koha item type Public note
      Non-fiction Bawana Bawana 09/05/2024 Gift/29.4.24 595.00 305.8991554 ASS B-758872 1 595.00 English Books Gift

© Delhi Public Library
Hit Counter
free hit counter